| 000 | 00401nam a2200145Ia 4500 | ||
|---|---|---|---|
| 008 | 130318s9999 xx 000 0 und d | ||
| 020 | _a8126504633 | ||
| 082 | _a005.432L NEG/L | ||
| 100 | _aNegus, Christopher | ||
| 245 | _aLinux toys: Cool projects for home,office and entertainment | ||
| 260 |
_bWiley _aNew Delhi _c2003 |
||
| 300 |
_a330 _e1 CD No- 326 |
||
| 650 | _aLINUX | ||
| 700 | _aWolber, Chuck | ||
| 999 |
_c1012 _d1012 |
||